Most Visited Cities in the World - Statistics

General Stats
  • This quiz has been taken 67 times
  • The average score is 17 of 25
Answer Stats
Rank Answer % Correct
3 London
98%
6 New York City
98%
2 Paris
98%
19 Los Angeles
93%
8 Tokyo
92%
11 Rome
88%
21 Berlin
85%
20 Madrid
83%
7 Istanbul
81%
10 Barcelona
78%
17 Shanghai
73%
4 Dubai
68%
13 Amsterdam
66%
14 Milan
66%
1 Bangkok
63%
16 Vienna
59%
18 Prague
58%
5 Singapore
58%
9 Seoul
54%
12 Hong Kong
53%
23 Lisbon
47%
22 Munich
44%
24 Dublin
42%
25 Venice
41%
15 Taipei
25%
No matching quizzes found
Score Distribution
Percent of People with Each Score
Percentile by Number Answered
Your Score History
You have not taken this quiz